Computers in society (Record no. 38306)

MARC details
000 -LEADER
fixed length control field 00780nam a2200205 a 4500
008 - FIXED-LENGTH DATA ELEMENTS--GENERAL INFORMATION
fixed length control field 120416s2004 ||||||||||||||||| || u
020 ## - INTERNATIONAL STANDARD BOOK NUMBER
International Standard Book Number 0131406604
050 ## - LIBRARY OF CONGRESS CALL NUMBER
Classification number QA 76.9.C66 Com
100 ## - MAIN ENTRY--PERSONAL NAME
Personal name George, Joey F
245 10 - TITLE STATEMENT
Title Computers in society
Statement of responsibility, etc. edited by Joey F. George
246 ## - VARYING FORM OF TITLE
Title proper/short title privacy, ethics and the internet
260 ## - PUBLICATION, DISTRIBUTION, ETC.
Place of publication, distribution, etc. Upper Saddle River, NJ
Name of publisher, distributor, etc. Pearson/Prentice-Hall
Date of publication, distribution, etc. 2004
300 ## - PHYSICAL DESCRIPTION
Extent xii, 482p. : ill.
350 ## - PRICE (NR) (BK AM CF MU VM SE) [OBSOLETE]
Price 0.00
500 ## - GENERAL NOTE
General note Bibliography.
650 ## - SUBJECT ADDED ENTRY--TOPICAL TERM
Topical term or geographic name entry element COMPUTERS--MORAL AND ETHICAL ASPECTS
650 ## - SUBJECT ADDED ENTRY--TOPICAL TERM
Topical term or geographic name entry element COMPUTERS--SOCIAL ASPECTS
650 ## - SUBJECT ADDED ENTRY--TOPICAL TERM
Topical term or geographic name entry element COMPUTERS ABD CIVILIZATION
995 ## - RECOMMENDATION 995 [LOCAL, UNIMARC FRANCE]
-- 0.00
-- CBU-MAIN LIBRARY (Kitwe)
-- 1
-- 27.95
-- 1
-- AVAILABLE
-- Nov 14, 2006
-- Annex Low-Usage Collection
Holdings
Withdrawn status Lost status Source of classification or shelving scheme Damaged status Not for loan Home library Current library Shelving location Date acquired Total Checkouts Full call number Barcode Date last seen Price effective from Koha item type
          CBU-MAIN LIBRARY, KITWE. CBU-MAIN LIBRARY, KITWE.   11/30/2022   QA 76.9.C66 Com 38630 11/30/2022 11/30/2022 MONOGRAPH